00688nam a2200181 i 450000100060000000300090000600500170001500700030003200800410003524500490007626000610012530000360018650000560022271000570027885200320033599900170036795201220038444076ES-MaACL20230906160941.0t|030320s1966 sp ||||1| spa d07aPrimer ciclo de conferencias b: año 1962. aMadrid : bInstituto Nacional de Meteorología, c1966. a9 t. en 1 v. : bil. ; c24 cm. aPrecede al tit.: Servicio Meteorológico Nacional.1 aEspaña. bServicio Meteorológico Nacional.93981 aES-MaACLjC-29569 bR.60119 c44076d44076 00104070aATENEOMbATENEOMcDEPO2d2008-01-17eSCl0oC-29569p1046389r2023-02-23 00:00:00w2023-02-23yMONOGRAFIA